Statistics for Friendliest Cities for Bikeriding

Click here to take the quiz!

General Stats

  • This quiz has been taken 595 times
  • The average score is 9 of 20

Answer Stats

RankingCity% Correct
6San Francisco
86%
4Seattle
85%
8New York
80%
2Portland
76%
12Denver
68%
10Chicago
66%
15Phoenix/Temple
59%
13Washington, DC
56%
11Austin
52%
1Minneapolis
47%
17Albuquerque
32%
9Tucson
32%
18Colorado Springs
29%
19Salem
25%
3Boulder
23%
5Eugene
20%
7Madison
18%
14Ann Arbor
5%
20Scottsdale
3%
16Gainesville
1%

Score Distribution

Percentile by Number Answered

Percent of People with Each Score

Your Score History

You have not taken this quiz